000 01126naa a22003137a 4500
001 BR9509982
003 BR-BrBNA
005 20240918181445.0
007 ta
008 230509b bl.||||| |||| 00| 0 por d
040 _aBR-BrBNA
_bpor
_cBiblioteca Nacional de Agricultura
041 _a(Pt)
072 _aF01
_b1940
090 _aF01 BR9509982
100 1 _aScheffer-Basso, S.M.
100 1 _aFontanelli, R.S.
100 1 _aMichelin, L.H.
100 1 _aCeccon, G.
111 1 _a15. Reuniao da Comissao Sulbrasileira de Pesquisa de Aveia
_cEntre Rios, PR (Brazil)
_d5-7 Apr 1995
245 1 _aAvaliacao de cereais de inverno para duplo proposito, 1994
260 3 _aGuarapuava, PR (Brasil):
_c1995.
500 _a15. Reuniao da Comissao Sulbrasileira de Pesquisa de Aveia Guarapuava, PR (Brasil): 1995. p. 314-320 (BR9509982-AM)F01
650 _aAveia Forrageira
650 _aGenotipo
650 _aColheita
773 0 _t15. Reuniao da Comissao Sulbrasileira de Pesquisa de Aveia
_wF01 BR9509982
_gGuarapuava, PR (Brasil), 1995. p. 314-320
909 _a202404
_bLucia
_c55
_dLucia Elande
942 _cAM
_2AGRIS
999 _c325343
_d325343